00561nam a2200169 a 450000100100000000500170001000800410002702000180006804000250008610000360011124500540014726000380020130000210023904900090026095201050026999900170037400003432920200930073636.0111003s2008 xxu 000 0 spa d a9780061565458 aDO-SdBNPbspacBNPHU1 aSerrano, Marcela,d1951-92345313aLo que está en mi corazón /cMarcela Serrano. aNew York :bGrupo Planeta,c2008. a344 p. ;c21 cm. aBNPD 001050718MOaGRbGRcCTd2011-10-03iLF1l0o p34329-10r2020-06-25w2020-06-25y1ZNo se presta c33820d33820